Normal view
MARC view
- Demarcy-Mota, Emmanuel,
Entry Nom personal
001 - NÚMERO DE CONTROL
- campo de control: 168544
003 - IDENTIFICADOR DEL NÚMERO DE CONTROL
- campo de control: ES-BaIT
005 - FECHA Y HORA DE LA ÚLTIMA TRANSACCIÓN
- campo de control: 20260219121406.0
008 - DATOS DE LONGITUD FIJA
- campo de control de longitud fija: 260219|| aca||aabn | a|a d
040 ## - FUENTE DE LA CATALOGACIÓN
- Centro catalogador/agencia de origen: ES-BaIT
100 1# - ENCABEZAMIENTO-NOMBRE DE PERSONA
- Nombre de persona: Demarcy-Mota, Emmanuel,
- Fechas asociadas al nombre: 1970-


